[Event "34th Chess Olympiad (men)"]
[Site "Istanbul"]
[Date "2000.11.07"]
[Round "10.23.4"]
[White "Altanoch, Genden"]
[Black "Munoz, Sotomayor Hugo"]
[WhiteElo "2281"]
[BlackElo "2322"]
[WhiteCountry "MGL"]
[BlackCountry "ECU"]
[Result "1/2-1/2"]

1. d4 e6 2. c4 Nf6 3. Nc3 Bb4 4. e3 O-O 5. Bd3 c5 6. Nge2 d5 7. a3 cxd4 
8. axb4 dxc3 9. Nxc3 dxc4 10. Bxc4 Nc6 11. b5 Ne5 12. Be2 Qxd1+ 13. Nxd1 Rd8 
14. Nc3 Nd3+ 15. Bxd3 Rxd3 16. Ke2 Rd8 17. e4 b6 18. Be3 Bd7 19. Rhd1 Kf8 
20. f3 Ne8 21. Ke1 Ke7 22. Ra2 Rdb8 23. Rda1 Rb7 24. Na4 Rc8 25. Nc3 Ra8 
26. Na4 Rc8 27. Nc3 Ra8 
1/2-1/2

[Event "34th Chess Olympiad (men)"]
[Site "Istanbul"]
[Date "2000.11.07"]
[Round "10.24.2"]
[White "Morovic, Fernandez Ivan"]
[Black "Giaccio, Alfredo"]
[WhiteElo "2608"]
[BlackElo "2505"]
[WhiteCountry "CRO"]
[BlackCountry "ARG"]
[Result "1-0"]

1. e4 e6 2. d4 d5 3. Nc3 dxe4 4. Nxe4 Bd7 5. Nf3 Bc6 6. Bd3 Nd7 7. O-O Ngf6 
8. Ned2 Be7 9. Re1 O-O 10. c3 b6 11. Qe2 Re8 12. Ne5 Nxe5 13. dxe5 Nd7 
14. Nf3 Bb7 15. Bf4 c5 16. Rad1 Bc6 17. h4 Bxf3 18. Qxf3 Qc7 19. Bb5 Rad8 
20. Qc6 Qxc6 21. Bxc6 Nb8 22. Bxe8 Rxe8 23. h5 Rc8 24. g4 Kf8 25. Kg2 Ke8 
26. Re4 Rc7 27. Be3 Rd7 28. Rxd7 Kxd7 29. Rf4 Ke8 30. b4 
1-0

[Event "34th Chess Olympiad (men)"]
[Site "Istanbul"]
[Date "2000.11.07"]
[Round "10.24.3"]
[White "Hoffman, Alejandro"]
[Black "Sulava, Nenad"]
[WhiteElo "2491"]
[BlackElo "2549"]
[WhiteCountry "ARG"]
[BlackCountry "CRO"]
[Result "1/2-1/2"]

1. c4 b6 2. d4 e6 3. a3 g6 4. Nc3 Bg7 5. e4 Ne7 6. d5 O-O 7. h4 Na6 8. h5 Nc5 
9. Nf3 d6 10. hxg6 fxg6 11. Ng5 h6 12. Nxe6 Bxe6 13. dxe6 g5 14. Be3 Qc8 
15. Qg4 Ng6 16. O-O-O Ne5 17. Qh3 Qxe6 18. Qxe6+ Nxe6 19. Nd5 Rf7 20. Be2 Raf8 
21. f3 Nc6 22. Rd2 Ncd4 23. Bxd4 Nxd4 24. Bd1 c6 25. Ne3 Kh7 26. Bc2 Be5 
27. Kb1 Kg6 28. Rxd4 Bxd4 29. Nf5 Rxf5 30. exf5+ Kg7 31. Be4 c5 32. Kc2 Rb8 
33. Bc6 Rc8 34. Bd5 Re8 35. Be6 Rb8 36. a4 a6 37. Bd7 Rb7 38. Bc6 Re7 
39. Be4 Re8 40. Kd3 a5 41. b3 
1/2-1/2

[Event "34th Chess Olympiad (men)"]
[Site "Istanbul"]
[Date "2000.11.07"]
[Round "10.25.1"]
[White "Soylu, Suat"]
[Black "Damljanovic, Branko"]
[WhiteElo "2345"]
[BlackElo "2559"]
[WhiteCountry "TURA"]
[BlackCountry "YUG"]
[Result "0-1"]

1. e4 c5 2. Nf3 Nc6 3. d4 cxd4 4. Nxd4 Nf6 5. Nc3 d6 6. Be2 g6 7. O-O Bg7 
8. Nb3 O-O 9. Bg5 a5 10. a4 Be6 11. f4 Rc8 12. Kh1 Nb4 13. Nd2 Rc5 14. Bh4 Qc8 
15. Ra3 Ng4 16. Rf3 Rh5 17. Bg3 f5 18. Bd3 d5 19. e5 d4 20. Nb5 Ne3 
21. Rxe3 dxe3 22. Nf1 Nxd3 23. cxd3 Bxe5 24. fxe5 f4 25. Rc3 Qd7 26. d4 Bd5 
27. Bxf4 Bxg2+ 28. Kxg2 Qh3+ 29. Kg1 Rxf4 30. Rc2 Rg5+ 31. Ng3 Rf2 
0-1

[Event "34th Chess Olympiad (men)"]
[Site "Istanbul"]
[Date "2000.11.07"]
[Round "10.25.2"]
[White "Ivanisevic, Ivan"]
[Black "Gurcan, Selim"]
[WhiteElo "2530"]
[BlackElo "2295"]
[WhiteCountry "YUG"]
[BlackCountry "TURA"]
[Result "1-0"]

1. d4 Nf6 2. c4 g6 3. Nc3 Bg7 4. e4 d6 5. h3 O-O 6. Bg5 Na6 7. Nf3 Qe8 
8. Bd3 e5 9. O-O Nh5 10. dxe5 dxe5 11. Re1 c6 12. Bf1 Nc5 13. Qd6 f6 
14. Be3 Ne6 15. c5 Rf7 16. Qd1 Bf8 17. Na4 Rd7 18. Qc2 g5 19. Rad1 Rg7 
20. Nh2 Nhf4 21. b4 h5 22. g3 Nc7 23. gxf4 gxf4+ 24. Kh1 fxe3 25. fxe3 Be6 
26. Nb2 Rd8 27. Rxd8 Qxd8 28. Nf3 Kh7 29. Nh4 Be7 30. Kh2 Qc8 31. Rd1 a5 
32. a3 axb4 33. axb4 Na6 34. Qd2 Qg8 35. Qe2 Kh6 36. Nd3 Bd8 37. Bg2 Bc7 
38. Rf1 Bd8 39. Rf2 Rg5 40. Qf1 Bc4 41. Qd1 Bb3 42. Qd2 Be6 43. Nc1 Be7 
44. Ne2 Kh7 45. Rf3 Qd8 46. Qe1 b6 47. cxb6 Qxb6 48. Ng3 Nxb4 49. Nhf5 Bxf5 
50. Nxf5 Qd8 51. h4 Rg8 52. Bh3 Bf8 53. Ng3 Kg6 54. Be6 Rh8 55. Nf5 Qe8 
56. Rg3+ Kh7 57. Qg1 
1-0

[Event "34th Chess Olympiad (men)"]
[Site "Istanbul"]
[Date "2000.11.07"]
[Round "10.26.1"]
[White "Espinosa, Rafael"]
[Black "Miezis, Normunds"]
[WhiteElo "2406"]
[BlackElo "2518"]
[WhiteCountry "MEX"]
[BlackCountry "LAT"]
[Result "0-1"]

1. e4 c5 2. c3 d5 3. exd5 Qxd5 4. d4 e6 5. Nf3 Nf6 6. Na3 cxd4 7. Nb5 Na6 
8. Qxd4 Qxd4 9. Nfxd4 Be7 10. Be2 O-O 11. Bf4 Rd8 12. O-O Nd5 13. Bg3 g5 
14. Rfd1 Nf4 15. Bxf4 gxf4 16. Bf3 Nc5 17. Ne2 Bd7 18. c4 Bf6 19. Nbc3 Be5 
20. Rd2 Bc6 21. Rad1 Rxd2 22. Rxd2 Bxf3 23. gxf3 Rc8 24. b3 f5 25. Kf1 Kf8 
26. Nb5 a5 27. Nc1 Ke7 28. Nd3 Nxd3 29. Rxd3 a4 30. Nc3 axb3 31. axb3 Rc6 
32. Na4 Bd6 33. Ke2 Bb4 34. Rd4 Bd6 35. Rd2 h6 36. h3 Kf6 37. Ra2 Be5 
38. c5 Bd4 39. b4 Ra6 40. Kd3 Bxf2 41. Rxf2 Rxa4 42. Kc4 e5 43. Kb5 Ra6 
44. h4 Re6 45. Kc4 e4 46. fxe4 Rxe4+ 47. Kb5 Ke5 48. h5 Kf6 49. Ka5 Kg5 
50. b5 Re6 51. Rf1 Kg4 52. Rg1+ Kxh5 53. c6 bxc6 54. b6 Re5+ 55. Ka6 Rb5 
56. Kb7 f3 57. Kxc6 Rb2 58. b7 Kh4 59. Rf1 Kg3 60. Rg1+ Kh3 61. Rd1 f2 
0-1

[Event "34th Chess Olympiad (men)"]
[Site "Istanbul"]
[Date "2000.11.07"]
[Round "10.26.2"]
[White "Krakops, Maris"]
[Black "Gonzalez, Garcia Jose"]
[WhiteElo "2522"]
[BlackElo "2440"]
[WhiteCountry "LAT"]
[BlackCountry "MEX"]
[Result "1-0"]

1. e4 e5 2. Nf3 Nc6 3. Bb5 a6 4. Ba4 d6 5. Bxc6+ bxc6 6. d4 f6 7. Be3 g6 
8. Qd2 Bg7 9. Nc3 Ne7 10. O-O-O O-O 11. Bh6 Bg4 12. Bxg7 Kxg7 13. Qe3 Qb8 
14. Rd3 Qb6 15. Qd2 Rab8 16. b3 Bxf3 17. gxf3 Qa5 18. h4 h6 19. f4 exf4 
20. Qxf4 c5 21. dxc5 Qxc5 22. Kb1 f5 23. Nd5 fxe4 24. Qxe4 Nxd5 25. Rxd5 Qxf2 
26. h5 Qf6 27. hxg6 Qxg6 28. Qd4+ Kh7 29. Qa7 Rbc8 30. Qxa6 Rf2 31. Qc4 Qf7 
32. Qe4+ Qg6 33. Qc4 Qf7 34. Qe4+ Qg6 35. Rxh6+ Kxh6 36. Qe3+ 
1-0

[Event "34th Chess Olympiad (men)"]
[Site "Istanbul"]
[Date "2000.11.07"]
[Round "10.26.3"]
[White "Estrada, Nieto Julian"]
[Black "Klovans, Janis"]
[WhiteElo "2397"]
[BlackElo "2481"]
[WhiteCountry "MEX"]
[BlackCountry "LAT"]
[Result "0-1"]

1. e4 e5 2. Nf3 Nc6 3. Bb5 a6 4. Bxc6 dxc6 5. O-O f6 6. d4 exd4 7. Nxd4 c5 
8. Ne2 Qxd1 9. Rxd1 Bd7 10. Nbc3 O-O-O 11. Be3 Re8 12. Rd2 Bc6 13. Rad1 Bd6 
14. Bf4 Bxf4 15. Nxf4 Nh6 16. f3 f5 17. exf5 Nxf5 18. Nd3 b6 19. b3 a5 
20. Nf2 c4 21. Nfe4 b5 22. bxc4 Ne3 23. Rb1 Nxc4 24. Rd4 Na3 25. Rc1 Rd8 
26. Ne2 Bxe4 27. Rxe4 Rd2 28. Nd4 Rd8 29. Nb3 Rd1+ 30. Rxd1 Rxd1+ 31. Kf2 a4 
32. Nc5 Nxc2 33. Re8+ Rd8 34. Re7 Rd2+ 35. Kg3 c6 36. Rxg7 Ne3 37. Rxh7 Rxa2 
38. Kf4 Nxg2+ 39. Ke5 Rd2 40. Rh8+ Kc7 41. Ne6+ Kb6 42. h4 a3 43. Ra8 a2 
44. h5 Ne3 45. Nd4 Nc4+ 46. Ke4 Rxd4+ 47. Kxd4 Na5 48. Ra6+ Kxa6 
0-1

[Event "34th Chess Olympiad (men)"]
[Site "Istanbul"]
[Date "2000.11.07"]
[Round "10.26.4"]
[White "Neiksans, Arturs"]
[Black "Russek, Guil"]
[WhiteElo "2355"]
[BlackElo "2400"]
[WhiteCountry "LAT"]
[BlackCountry "MEX"]
[Result "1-0"]

1. e4 e6 2. d3 d5 3. Nd2 c5 4. Ngf3 Nc6 5. g3 Nf6 6. Bg2 Be7 7. O-O Qc7 
8. Re1 b6 9. Nf1 dxe4 10. dxe4 Ba6 11. Bf4 e5 12. Bg5 Rd8 13. N1d2 Nd7 
14. Bxe7 Nxe7 15. c3 O-O 16. Bf1 Bxf1 17. Rxf1 b5 18. a4 a6 19. axb5 axb5 
20. Qb3 Qb6 21. Qa3 Nc6 22. Qa6 f6 23. Rfd1 c4 24. Nf1 Qxa6 25. Rxa6 Ndb8 
26. Rxd8 Nxa6 27. Rd5 Rb8 28. Rd6 Rc8 29. Nh4 Nc5 30. Nf5 Kh8 31. f3 Na4 
32. Rd5 Nxb2 33. Nd6 Rb8 34. Rxb5 Rxb5 35. Nxb5 Na5 36. Ne3 Kg8 37. Kf1 Kf7 
38. Ke2 Ke6 39. Nc7+ Kf7 40. Ncd5 Na4 41. Kd2 Ke6 42. Kc2 g6 43. g4 Nc5 
44. Nb6 Nd3 45. Kd2 Nb2 46. Ned5 f5 47. Nb4 fxe4 48. fxe4 Nb7 49. Kc2 Nd3 
50. Nxd3 cxd3+ 51. Kxd3 Nc5+ 52. Ke3 h6 53. Nd5 Kf7 54. Nb4 Ke6 55. Nd3 Nd7 
56. c4 Kd6 57. Kd2 Nf6 58. Nf2 Kc6 59. h3 g5 60. Kc3 h5 61. Kb4 hxg4 
62. hxg4 Kb6 63. c5+ Ka6 64. Ka4 Nd7 65. Nd3 Nf6 66. Nxe5 Nxe4 67. Kb4 Nf6 
68. Kc4 Ka5 69. Kd4 Ka6 70. c6 Ne8 71. Kc5 Ka7 72. Nc4 Nf6 73. Nd6 Kb8 
74. Nb5 Kc8 75. Kd6 Ne4+ 76. Ke5 Ng3 77. Kf6 Ne4+ 78. Kf5 
1-0

[Event "34th Chess Olympiad (men)"]
[Site "Istanbul"]
[Date "2000.11.07"]
[Round "10.27.1"]
[White "Wu, Shaobin"]
[Black "Svetushkin, Dmitry"]
[WhiteElo "2523"]
[BlackElo "2472"]
[WhiteCountry "SIN"]
[BlackCountry "MDA"]
[Result "1/2-1/2"]

1. d4 d5 2. c4 c6 3. Nf3 Nf6 4. Nc3 dxc4 5. a4 Bf5 6. e3 e6 7. Bxc4 Bb4 
8. O-O O-O 9. Nh4 Nbd7 10. Qb3 Qb6 11. h3 Bg6 12. Nxg6 hxg6 13. Rd1 a5 
14. Bd2 e5 15. Be1 Rad8 16. Qc2 exd4 17. exd4 Kh7 18. Ba2 Nb8 19. Bd2 Na6 
20. Be3 Qc7 21. Bc4 Nb8 22. Ne4 Nd5 23. Ng5+ Kg8 24. h4 Be7 25. Nf3 Rd6 
26. Bg5 Qd8 27. Re1 Bf6 28. g3 Nd7 29. Kg2 Re8 30. Qb3 Rxe1 31. Rxe1 N7b6 
32. Bd3 Bxg5 33. Nxg5 Rd7 34. Be4 Re7 35. Nf3 Qd6 36. Bxd5 Nxd5 37. Re5 f6 
38. Rxe7 Qxe7 39. Qd3 Kf7 40. Nd2 Qb4 41. b3 Qe7 42. Nc4 b6 43. Qf3 Kg8 
44. Qd3 Kf7 
1/2-1/2

[Event "34th Chess Olympiad (men)"]
[Site "Istanbul"]
[Date "2000.11.07"]
[Round "10.27.3"]
[White "Hsu, Li Yang"]
[Black "Komliakov, Viktor"]
[WhiteElo "2440"]
[BlackElo "2453"]
[WhiteCountry "SIN"]
[BlackCountry "MDA"]
[Result "0-1"]

1. d4 d5 2. c4 c6 3. Nf3 Nf6 4. cxd5 cxd5 5. Nc3 Nc6 6. Bf4 a6 7. e3 Bg4 
8. Be2 e6 9. Qb3 Bxf3 10. gxf3 Ra7 11. Rg1 Be7 12. O-O-O O-O 13. Bh6 Ne8 
14. e4 Kh8 15. Bf4 Bf6 16. exd5 exd5 17. Nxd5 Nxd4 18. Qc4 b5 19. Qc5 Nxe2+ 
20. Kb1 Rg8 21. Qxa7 Nxg1 22. Qxf7 Ne2 23. Be3 Nd6 24. Qh5 Nc4 25. f4 Nxb2 
26. Rd2 Na4 
0-1

[Event "34th Chess Olympiad (men)"]
[Site "Istanbul"]
[Date "2000.11.07"]
[Round "10.27.4"]
[White "Khruschiov, Alexey"]
[Black "Leong, Chee"]
[WhiteElo "2381"]
[BlackElo "2000"]
[WhiteCountry "MDA"]
[BlackCountry "SIN"]
[Result "1-0"]

1. e4 e6 2. d4 d5 3. Nc3 dxe4 4. Nxe4 Bd7 5. Nf3 Bc6 6. Bd3 Nd7 7. O-O Ngf6 
8. Ng3 Be7 9. b3 O-O 10. Bb2 Bxf3 11. Qxf3 c6 12. Rfe1 Re8 13. c4 Qa5 
14. a3 Rad8 15. Rad1 Nf8 16. h4 Bxa3 17. Re5 Qb4 18. Bc3 Qd6 19. Rg5 Ng6 
20. h5 h6 21. Ra5 Nh4 22. Qe2 b6 23. Rxa7 Bb4 24. Bb2 Ra8 25. Rxa8 Rxa8 
26. Ne4 Qd8 27. d5 Ne8 28. dxe6 fxe6 29. c5 b5 30. Bxb5 Qc7 31. Bc4 Qe7 
32. Qg4 Nc7 33. Rd7 
1-0

[Event "34th Chess Olympiad (men)"]
[Site "Istanbul"]
[Date "2000.11.07"]
[Round "10.28.1"]
[White "Rohl, Juan"]
[Black "Kveinys, Aloyzas"]
[WhiteElo "2350"]
[BlackElo "2522"]
[WhiteCountry "VEN"]
[BlackCountry "LTU"]
[Result "1/2-1/2"]

1. e4 c5 2. c3 g6 3. d4 cxd4 4. cxd4 d5 5. Nc3 dxe4 6. Bc4 Nf6 7. Qb3 e6 
8. d5 Na6 9. dxe6 Bxe6 10. Bxe6 fxe6 11. Bg5 Nc5 12. Qb5+ Kf7 13. Rd1 Qb6 
14. Qe2 Be7 15. Nh3 Nd3+ 16. Kf1 Qxb2 17. Bxf6 Bxf6 18. Nxe4 Rhd8 
19. Neg5+ Bxg5 20. Nxg5+ Kg8 21. Qxe6+ Kh8 22. Qe2 Qf6 23. Ne4 Qa6 24. Kg1 Nf4 
25. Qb2+ Kg8 26. Qb3+ Qe6 27. Qxe6+ Nxe6 28. Re1 Rac8 29. h4 Nf4 30. g3 Nd3 
31. Re2 Rd4 32. Ng5 h6 33. Nf3 Rd5 34. Kg2 Rf8 35. Rd2 Rfd8 36. Rhd1 b6 
37. a3 Kg7 38. Kf1 R5d7 39. Ke2 
1/2-1/2

[Event "34th Chess Olympiad (men)"]
[Site "Istanbul"]
[Date "2000.11.07"]
[Round "10.28.2"]
[White "Sakalauskas, Vaidas"]
[Black "Alvarez, Johan"]
[WhiteElo "2420"]
[BlackElo "2317"]
[WhiteCountry "LTU"]
[BlackCountry "VEN"]
[Result "1-0"]

1. d4 Nf6 2. c4 g6 3. Nc3 Bg7 4. e4 d6 5. Nf3 O-O 6. Be2 e5 7. d5 Na6 8. Bg5 h6 
9. Bh4 Qe8 10. Nd2 Nh7 11. O-O f5 12. exf5 g5 13. Bg3 Bxf5 14. Nde4 Kh8 
15. Re1 Rd8 16. a3 c6 17. Bd3 Nc7 18. Qb3 Bc8 19. Rad1 h5 20. h4 cxd5 
21. cxd5 Qe7 22. hxg5 Nxg5 23. Nxg5 Qxg5 24. Qc4 Rd7 25. Bh4 Qh6 26. Ne4 Rf4 
27. Bg5 Qxg5 28. Nxg5 Rxc4 29. Bxc4 Bh6 30. Ne4 h4 31. Rd3 
1-0

[Event "34th Chess Olympiad (men)"]
[Site "Istanbul"]
[Date "2000.11.07"]
[Round "10.28.3"]
[White "Sequera, Jose"]
[Black "Slapikas, Vytautas"]
[WhiteElo "2357"]
[BlackElo "2430"]
[WhiteCountry "VEN"]
[BlackCountry "LTU"]
[Result "1-0"]

1. e4 c6 2. d4 d5 3. exd5 cxd5 4. Bd3 Nc6 5. c3 Nf6 6. Bf4 g6 7. Nd2 Nh5 
8. Bg3 Bh6 9. Ne2 O-O 10. Nf3 Bg4 11. Ne5 Nxe5 12. Bxe5 f6 13. Bg3 Qd7 
14. f3 Bf5 15. O-O Rae8 16. Bxf5 gxf5 17. f4 e6 18. Qd3 Kh8 19. Qf3 Qf7 
20. Kh1 Rg8 21. Bf2 Qg6 22. g3 Re7 23. Rae1 Ng7 24. c4 dxc4 25. Nc3 Qg4 
26. Qxg4 fxg4 27. d5 b6 28. Bd4 Rf8 29. Ne4 exd5 30. Nxf6 Rxe1 31. Rxe1 Nf5 
32. Be5 Bg7 33. Nxd5 h5 34. Kg1 Nd4 35. Kf2 Rf7 36. Re4 Bxe5 37. Rxe5 Nf5 
1-0

[Event "34th Chess Olympiad (men)"]
[Site "Istanbul"]
[Date "2000.11.07"]
[Round "10.28.4"]
[White "Butnorius, Algimantas"]
[Black "Blanco, Cristobal J"]
[WhiteElo "2434"]
[BlackElo "2185"]
[WhiteCountry "LTU"]
[BlackCountry "VEN"]
[Result "0-1"]

1. d4 d5 2. c4 c6 3. Nf3 Nf6 4. Nc3 e6 5. e3 Nbd7 6. Qc2 Bd6 7. Be2 O-O 
8. O-O Re8 9. Rd1 Qe7 10. h3 h6 11. a3 a5 12. b3 b6 13. Bb2 Bb7 14. e4 Nxe4 
15. Nxe4 dxe4 16. Qxe4 f5 17. Qe3 Rad8 18. b4 axb4 19. axb4 Bxb4 20. Ra7 Rb8 
21. Bf1 Bd6 22. Qb3 c5 23. Ne5 Nxe5 24. dxe5 Bc7 25. Qg3 Bc6 26. Qg6 Ra8 
27. Rda1 Rxa7 28. Rxa7 Ra8 29. Rxc7 Qxc7 30. Qxe6+ Kf8 31. Qxf5+ Qf7 
32. Qd3 Kg8 33. Qd6 Rf8 34. f3 Qd7 35. Qg6 Qe8 36. Qg3 Qe6 37. Bd3 Kf7 
38. f4 g6 39. Qh4 Kg7 40. g4 Rxf4 41. Bc1 g5 42. Qe1 Rxg4+ 
0-1

[Event "34th Chess Olympiad (men)"]
[Site "Istanbul"]
[Date "2000.11.07"]
[Round "10.29.1"]
[White "Dao, Thien Hai"]
[Black "Annageldyev, Orazly"]
[WhiteElo "2555"]
[BlackElo "2491"]
[WhiteCountry "VIE"]
[BlackCountry "TKM"]
[Result "0-1"]

1. d4 Nf6 2. c4 e6 3. Nc3 Bb4 4. Qc2 c5 5. dxc5 O-O 6. Nf3 Bxc5 7. Bg5 Be7 
8. e4 d6 9. Rd1 Nbd7 10. Be2 a6 11. O-O Qc7 12. Bd3 h6 13. Bh4 b6 14. Nd2 Bb7 
15. f4 Nc5 16. Be2 Nfxe4 17. Ndxe4 Bxe4 18. Nxe4 Bxh4 19. f5 exf5 20. Rxf5 Nxe4 
21. Qxe4 Rae8 22. Qd3 Re5 23. Rff1 Qc5+ 24. Kh1 Re3 25. Qc2 Qe5 26. Bf3 Bf6 
27. b3 Qg5 28. Qf2 Qe5 29. Rd5 Qe7 30. Rfd1 Rd8 31. g3 Bc3 32. R5d3 Rxd3 
33. Rxd3 Qe1+ 34. Qxe1 Bxe1 35. Re3 Bb4 36. Re7 d5 37. Rb7 dxc4 38. Rxb6 c3 
39. Rxb4 c2 40. Rc4 Rd1+ 41. Kg2 c1=Q 42. Rxc1 Rxc1 43. a4 Rc2+ 44. Kh3 a5 
45. Bd5 h5 
0-1

[Event "34th Chess Olympiad (men)"]
[Site "Istanbul"]
[Date "2000.11.07"]
[Round "10.29.3"]
[White "Tu Hoang, Thong"]
[Black "Grigoryan, Karen"]
[WhiteElo "2514"]
[BlackElo "2399"]
[WhiteCountry "VIE"]
[BlackCountry "TKM"]
[Result "1/2-1/2"]

1. e4 c5 2. Nc3 Nc6 3. f4 d6 4. Nf3 Bg4 5. Bb5 g6 6. O-O Bg7 7. d3 Nf6 
8. Qe1 O-O 9. Bxc6 bxc6 10. b3 Nh5 11. Rb1 f5 12. exf5 Rxf5 13. Ne2 Qd7 
14. h3 Bxf3 15. Rxf3 Rf7 16. Ng3 Bd4+ 17. Kh1 Nxg3+ 18. Qxg3 Qe6 19. Bd2 Qe2 
20. Qe1 Qxe1+ 21. Rxe1 Raf8 22. Re6 g5 23. g3 gxf4 24. gxf4 Rg7 25. Re2 Rg1+ 
26. Kh2 Ra1 27. a4 Kf7 28. Rg3 Rb8 29. Be3 Bf6 30. Kg2 a6 31. Kf3 h5 
32. Rg1 Rxg1 33. Bxg1 Kg6 34. Be3 Kf5 35. Rg2 Rf8 36. Rg1 Rb8 37. Rg2 Rc8 
38. Rg1 Re8 39. Rg2 Rh8 40. Rg1 Rf8 
1/2-1/2

[Event "34th Chess Olympiad (men)"]
[Site "Istanbul"]
[Date "2000.11.07"]
[Round "10.29.4"]
[White "Odeev, Handszar"]
[Black "Nguyen, Thanh Son"]
[WhiteElo "2442"]
[BlackElo "2000"]
[WhiteCountry "TKM"]
[BlackCountry "VIE"]
[Result "1-0"]

1. e4 e5 2. Nf3 Nf6 3. Nxe5 d6 4. Nf3 Nxe4 5. d4 d5 6. Bd3 Bd6 7. O-O O-O 
8. c4 Nf6 9. c5 Be7 10. Ne5 Nbd7 11. f4 c6 12. Nc3 Ne8 13. Qc2 g6 14. Be3 Ng7 
15. b4 a6 16. Rae1 Nf6 17. f5 gxf5 18. Bxf5 Nxf5 19. Rxf5 Ne4 20. Rh5 f5 
21. Bh6 Rf6 22. Nxe4 fxe4 23. Re3 Bf5 24. Bg5 Bg6 25. Bxf6 Bxf6 26. Rg3 Bxe5 
27. Rxe5 Qf6 28. Qf2 Kf7 29. h4 Qxf2+ 30. Kxf2 Kf6 31. Rg4 
1-0

[Event "34th Chess Olympiad (men)"]
[Site "Istanbul"]
[Date "2000.11.07"]
[Round "10.30.1"]
[White "Dive, Russell John"]
[Black "Zulfugarli, Magomed"]
[WhiteElo "2414"]
[BlackElo "2510"]
[WhiteCountry "NZL"]
[BlackCountry "AZE"]
[Result "1/2-1/2"]

1. g3 Nf6 2. Bg2 g6 3. e4 d6 4. c4 Bg7 5. Nc3 O-O 6. Nge2 c5 7. O-O Nc6 
8. Rb1 Ne8 9. a3 a5 10. f4 Nc7 11. Kh1 Rb8 12. a4 Ne6 13. Nb5 Ned4 
14. Nexd4 Nxd4 15. d3 b6 
1/2-1/2

[Event "34th Chess Olympiad (men)"]
[Site "Istanbul"]
[Date "2000.11.07"]
[Round "10.30.2"]
[White "Mirzoev, Azer"]
[Black "Martin, Benjamin"]
[WhiteElo "2414"]
[BlackElo "2377"]
[WhiteCountry "AZE"]
[BlackCountry "NZL"]
[Result "1/2-1/2"]

1. d4 Nf6 2. Nf3 e6 3. c4 b6 4. Nc3 Bb7 5. Qc2 c5 6. dxc5 Bxc5 7. Bg5 Be7 
8. e3 d6 9. Be2 Nbd7 10. O-O O-O 11. Rfd1 a6 12. Bf4 Qc7 13. Qd2 Ne8 
14. Rac1 Rd8 15. Bg3 Ndf6 16. Nd4 Ne4 17. Nxe4 Bxe4 18. b4 e5 19. Nb3 Qb7 
20. f3 Bf5 21. e4 Be6 22. Bf2 Nc7 23. Qe3 Rb8 24. Nd2 Rfc8 25. a3 Bd7 
26. Qb3 Ne6 27. Nb1 Bg5 28. Rc2 Nd4 29. Bxd4 exd4 30. Rxd4 Ba4 31. Qxa4 Be3+ 
32. Kf1 Bxd4 33. g3 b5 34. Qb3 Ba7 35. Kg2 Qb6 36. Kh3 Re8 37. cxb5 Re6 
38. Bc4 Rh6+ 39. Kg4 Rg6+ 40. Kh3 Rh6+ 41. Kg4 d5 42. Bxd5 Qg6+ 43. Kf4 Qd6+ 
44. e5 g5+ 45. Kg4 Qd7+ 46. Kxg5 Rg6+ 47. Kf4 Kg7 48. g4 axb5 49. Kg3 h5 
50. h3 hxg4 51. fxg4 Bd4 52. Kg2 Bxe5 53. Re2 Bc7 54. Rf2 Rf6 55. Rxf6 Kxf6 
56. Nc3 Kg7 57. Ne4 Re8 58. Qc3+ Be5 59. Qc6 Qxc6 60. Bxc6 Rb8 61. Ng3 Bxg3 
62. Kxg3 Rb6 63. Bd7 Ra6 64. Bxb5 Rxa3+ 65. Kf4 Rb3 66. Bc6 Rxb4+ 67. Be4 Rb3 
68. Bf3 Kf6 69. h4 Rb4+ 70. Be4 Ra4 71. g5+ Kg7 72. h5 Ra1 
1/2-1/2

[Event "34th Chess Olympiad (men)"]
[Site "Istanbul"]
[Date "2000.11.07"]
[Round "10.31.1"]
[White "Saleh, Jasim"]
[Black "Egger, Jorge"]
[WhiteElo "2356"]
[BlackElo "2433"]
[WhiteCountry "UAE"]
[BlackCountry "CHI"]
[Result "1/2-1/2"]

1. e4 c5 2. Nc3 Nc6 3. f4 g6 4. Nf3 Bg7 5. Bb5 Nd4 6. O-O Nxb5 7. Nxb5 d6 
8. d3 a6 9. Nc3 e6 10. f5 exf5 11. exf5 Bxf5 12. Re1+ Kf8 13. Bf4 Nf6 
14. Ne4 Ne8 15. Qd2 h6 16. Re2 b6 17. Rae1 Be6 18. d4 d5 19. Nf2 Nf6 20. Ne5 g5 
21. Bg3 Bf5 22. dxc5 bxc5 23. Qe3 Rc8 24. Qf3 Bh7 25. c4 h5 26. h4 g4 
27. Qf4 Kg8 28. cxd5 Qxd5 29. Rd2 Qe6 30. Nfd3 Qf5 31. Qc4 Qe6 32. Qa4 Qd5 
33. Qxa6 Ra8 34. Qc6 Qxc6 35. Nxc6 Ne4 36. Nxc5 Nxc5 37. Ne7+ Kf8 38. Bd6 Ne6 
39. Nf5+ Kg8 40. Ne7+ Kf8 41. Nf5+ 
1/2-1/2

[Event "34th Chess Olympiad (men)"]
[Site "Istanbul"]
[Date "2000.11.07"]
[Round "10.31.2"]
[White "Valenzuela, Luis"]
[Black "Abdullah, Mansour"]
[WhiteElo "2426"]
[BlackElo "2290"]
[WhiteCountry "CHI"]
[BlackCountry "UAE"]
[Result "1/2-1/2"]

1. Nf3 Nf6 2. d4 g6 3. c4 Bg7 4. Nc3 d5 5. cxd5 Nxd5 6. e4 Nxc3 7. bxc3 c5 
8. Rb1 O-O 9. Be2 cxd4 10. cxd4 Qa5+ 11. Bd2 Qxa2 12. O-O Qe6 13. Qc2 Qc6 
14. Qd3 Bg4 15. d5 Qd7 16. Qb3 b6 17. Bf4 Rc8 18. Rfc1 Qd8 19. Rxc8 Qxc8 
20. Rc1 Qd8 21. Bc7 Qe8 22. Bb5 Bd7 23. Bf1 Ba4 24. Qb4 b5 25. Qa5 a6 
26. Ne5 e6 27. Nc6 Bh6 28. f4 exd5 29. Nxb8 Rxb8 30. Bxb8 Qxb8 31. Qxa6 Qxf4 
32. Qc8+ Kg7 33. Qc3+ Qf6 34. Qxf6+ Kxf6 35. Rb1 Be3+ 36. Kh1 dxe4 37. Bxb5 
1/2-1/2

[Event "34th Chess Olympiad (men)"]
[Site "Istanbul"]
[Date "2000.11.07"]
[Round "10.31.3"]
[White "Moussa, Taleb"]
[Black "Salas, Cristian"]
[WhiteElo "2389"]
[BlackElo "2300"]
[WhiteCountry "UAE"]
[BlackCountry "CHI"]
[Result "0-1"]

1. Nf3 Nf6 2. d4 e6 3. Bg5 h6 4. Bh4 Be7 5. Nbd2 d5 6. e3 O-O 7. Bd3 b6 
8. Ne5 Nfd7 9. Nxd7 Nxd7 10. Bg3 c5 11. c3 Bb7 12. h3 Qc8 13. Qe2 Bf6 14. f4 a5 
15. a4 Ba6 16. Nf3 Bxd3 17. Qxd3 Qb7 18. Qb5 c4 19. O-O Rac8 20. Rab1 Be7 
21. Nd2 f5 22. b3 cxb3 23. Nxb3 Qc6 24. Rfc1 Qxb5 25. axb5 Nf6 26. Bh4 g5 
27. Be1 Ne4 28. Rc2 Rc7 29. Nc1 Rfc8 30. Ne2 Rc4 31. Kf1 Bd6 32. Ra2 Ra8 
33. g3 a4 34. Rc2 a3 35. Nc1 Be7 36. Rb3 Rca4 37. Ra2 Nd6 38. Nd3 Nc4 
39. Ke2 Bd6 40. Bd2 Kf7 41. Rb1 R4a5 42. Bc1 Rg8 43. Kf2 Ke8 44. Kf3 Kd8 
45. Kf2 Kc8 46. Kf3 Kb7 47. Kf2 Rg7 48. Kf3 Ka8 49. Ne1 Be7 50. Nd3 Bd6 
51. Ne1 Kb7 52. Nd3 Ra8 53. Rba1 Rag8 54. Rg2 h5 55. Ne5 g4+ 56. hxg4 hxg4+ 
57. Ke2 Bxe5 58. fxe5 Rh7 59. Bd2 Rgh8 60. Kd3 Rh2 
0-1

[Event "34th Chess Olympiad (men)"]
[Site "Istanbul"]
[Date "2000.11.07"]
[Round "10.31.4"]
[White "Abarca, Manuel"]
[Black "Hossein, Mohamed"]
[WhiteElo "2000"]
[BlackElo "2113"]
[WhiteCountry "CHI"]
[BlackCountry "UAE"]
[Result "1/2-1/2"]

1. d4 c5 2. d5 d6 3. e4 Nf6 4. Nc3 g6 5. Nf3 Bg7 6. Be2 O-O 7. O-O Na6 
8. Re1 Nc7 9. Bf1 Bg4 10. a4 b6 11. h3 Bxf3 12. Qxf3 Nd7 13. Nb5 a6 
14. Nxc7 Qxc7 15. c3 c4 16. Bg5 Bf6 17. Bxf6 exf6 18. Qe3 Kg7 19. Qd4 b5 
20. Be2 Nc5 21. Bd1 Nd3 22. Re2 Qc5 23. Qxc5 Nxc5 24. Bc2 Rfe8 25. Kf1 Rab8 
26. axb5 axb5 27. Ra3 Ra8 28. Re1 Rxa3 29. bxa3 Ra8 30. Ra1 Kf8 
1/2-1/2